[Event "Nuremberg Zabo op 23rd"]
[Site "Nuremberg"]
[Date "2023.09.17"]
[Round "5"]
[White "Dettmer, Niels"]
[Black "Waschner, Richard"]
[Result "1-0"]
[WhiteElo "1718"]
[BlackElo "1500"]
[PlyCount "105"]
[EventDate "2023.09.15"]
[EventType "swiss"]
[EventRounds "5"]
[EventCountry "GER"]
[SourceTitle "EXT 2024"]
[Source "ChessBase"]
[SourceDate "2023.10.10"]
[SourceVersion "1"]
[SourceVersionDate "2023.10.10"]
[SourceQuality "1"]

1. d4 d6 2. Bf4 Nf6 3. f3 g6 4. e4 c6 5. Qd2 b5 6. Bd3 Nbd7 7. Ne2 Nb6 8. c3 Nc4 9. Qc1 e5 10. Bxc4 exf4 11. Bb3 Nh5 12. 0-0 Qh4 13. Qe1 g5 14. Nd2 Rg8 15. a4 Be7 16. Qxh4 gxh4 17. Kf2 h3 18. g3 fxg3+ 19. hxg3 Rg6 20. Rh1 Bd7 21. axb5 cxb5 22. Bd5 Rb8 23. Rxa7 Nf6 24. Nf4 Rh6 25. Ra8 Rxa8 26. Bxa8 Kd8 27. b4 Kc7 28. Bd5 Nxd5 29. Nxd5+ Kd8 30. Nxe7 Kxe7 31. g4 Kf6 32. Kg3 Kg5 33. f4+ Kg6 34. Nf3 f6 35. Rxh3 Rxh3+ 36. Kxh3 h5 37. f5+ Kh6 38. gxh5 Kxh5 39. Kg3 Bc6 40. d5 Be8 41. Kf4 Kh6 42. Nd4 Bd7 43. Nc6 Kg7 44. Ke3 Kf8 45. Kd4 Ke8 46. c4 bxc4 47. Kxc4 Bc8 48. b5 Kd7 49. Kb4 Bb7 50. Nd4 Bc8 51. Ka5 Kc7 52. Nc6 Kd7 53. Kb6 1-0